Sobieski roi de Pologne, 1629-1696 / (Record no. 107603)

MARC details
000 -LEADER
campo de control de longitud fija 00612nam a2200205 i 4500
001 - NÚMERO DE CONTROL
campo de control 107603
003 - IDENTIFICADOR DE NÚMERO DE CONTROL
campo de control ES-MaACL
005 - FECHA Y HORA DE LA ÚLTIMA TRANSACCIÓN
campo de control 20230906184444.0
007 - CAMPO FIJO DE DESCRIPCIÓN FÍSICA--INFORMACIÓN GENERAL
campo de control de longitud fija t|
008 - DATOS DE LONGITUD FIJA--INFORMACIÓN GENERAL
campo de control de longitud fija 061121s1933 sp r ||||1| spa d
080 ## - NÚMERO DE LA CLASIFICACIÓN DECIMAL UNIVERSAL
Número de la Clasificación Decimal Universal 929 Juan (438) III
080 ## - NÚMERO DE LA CLASIFICACIÓN DECIMAL UNIVERSAL
Número de la Clasificación Decimal Universal 94(438)"1674/96"
100 1# - ENTRADA PRINCIPAL--NOMBRE DE PERSONA
Nombre de persona Morton, J.B.
9 (RLIN) 83730
245 10 - MENCIÓN DEL TÍTULO
Título Sobieski roi de Pologne, 1629-1696 /
Mención de responsabilidad, etc. J.B. Morton.
260 ## - PUBLICACIÓN, DISTRIBUCIÓN, ETC.
Lugar de publicación, distribución, etc. París :
Nombre del editor, distribuidor, etc. Payot,
Fecha de publicación, distribución, etc. 1933 (
Lugar de fabricación/manufactura Mayenne :
Fabricante Floch)
300 ## - DESCRIPCIÓN FÍSICA
Extensión 296 p., 4 map. ;
Dimensiones 20 cm.
600 04 - PUNTO DE ACCESO ADICIONAL DE MATERIA--NOMBRE DE PERSONA
Nombre de persona Juan III,
Títulos y otros términos asociados al nombre Rey de Polonia.
9 (RLIN) 176190
651 #4 - PUNTO DE ACCESO ADICIONAL DE MATERIA--NOMBRE GEOGRÁFICO
Nombre geográfico Polonia-
Subdivisión general Historia-
Subdivisión cronológica 1674-1696.
9 (RLIN) 164037
852 4# - LOCALIZACIÓN
Ubicación ES-MaACL
Número de control de estantería A-2666
Holdings
Estatus retirado Estado de pérdida Estado de daño No para préstamo Biblioteca de origen Biblioteca actual Ubicación en estantería Fecha de adquisición Fuente de adquisición Total de préstamos Signatura topográfica completa Código de barras Visto por última vez Precio de reemplazo Tipo de ítem Koha
        Biblioteca del Ateneo de Madrid Biblioteca del Ateneo de Madrid Sala Pecera Planta 1 17/01/2008     A-2666 1112297 23/02/2023 23/02/2023 Libro impreso